000 00336 a2200109 4500
001 ART_44794
005 20260410161629.0
008 260409a
245 1 0 _aAnálisis de las propuestas de revalúo impositivo y contable
100 1 _aD´Onofrio, Paula Alejandra
773 0 _tEnfoques
_g- Nº 12 (dic. 2017)
_wREV416
999 _c12328
_d12328